01062 2200325 4500001002100000005001500021035002000036007000300056008004100059020002200100082001400122084001600136100003800152245013700190250002600327300004100353650004100394700003700435700003100472504002900503264003000532336002100562337003000583338002300613040002200636090002200658850001200680999002200692990002200714INLIS00000000089336920250213091728 a0010-0225000451ta250213s2024 yoia b | ind d a978-979-21-8139-504223a372.6 a372.6 MAR b0 aMaria Septi HayuadhineePengarang10aBahasa Indonesia :buntuk SD kelas II semester 2 fase A /cMaria Septi Hayuadhine, Anastasia Vina Amelia; penyunting, Flora Maharani aCetakan Pertama, 2024 axiii, 122 halaman :bgambar ;c25 cm 4aBahasa Indonesia--xPendidikan dasar0 aAnastasia Vina AmeliaePengarang0 aFlora MaharaniePenyunting aBibliografi: halaman 12131aSleman :bKanisius,c2024 2rdacontentateks 2rdamediaatanpa perantara 2rdacarrieravolume aYOPDYOGbinderda aCB-D.11 2024-4984 aYOPDYOG aCB-D.11/2024-4984 aCB-D.11/2024-4984